| 000 | 00537nam a2200217 a 4500 | ||
|---|---|---|---|
| 001 | 23464 | ||
| 003 | VRT | ||
| 005 | 20260623143135.0 | ||
| 008 | 060711s1974 cs slo c | ||
| 035 | _aUKB000292099 | ||
| 040 |
_aBAA001 _bslo _cBAA001 _eAACR2 |
||
| 041 | 1 | _aslo | |
| 044 |
_acs _cCS |
||
| 100 | 1 |
_aDostojevskij, Fedor Michajlovič, _d1821-1881 |
|
| 245 | 0 | 0 | _aKatarína |
| 260 |
_aBratislava _bTatran _c1974 |
||
| 300 | _a272 s | ||
| 910 | _aukb | ||
| 942 |
_2ddc _cKLDO _n0 |
||
| 949 |
_61800119494 _a24.D.14674 _bPV.14903-74 |
||
| 999 |
_c23464 _d23464 |
||